000 00548nam a22001817a 4500
003 OSt
005 20221014141919.0
008 221012b |||||||| |||| 00| 0 eng d
040 _cBiblioteca Lado V
082 _a708
_bF511n
100 _9185
_aFinlay, Sarah
_eeditora
245 _aThe National Self-Portrait Collection of Irland/
260 _bUniversity of Limerick Press
_c1989
_aIrlanda
300 _a258p.
_c22x24cm
490 _vvolumen I
700 _aBlondet S., Jose Luis
_eautor
942 _2ddc
_c1
_h708
_iF511n
_n0
999 _c2318
_d2318